000 00933nmm a2200277 a 4500
001 ocm000924673
003 TR-IsHL
005 20201028145211.0
008 150110s2013 tu tur
007 cr cn
020 _a9786055904593
035 _a924673
_b(N$T)
050 0 4 _aQ175
_b.Ö95 2013
090 0 4 _aQ175
_b.Ö95 2013
100 1 _aÖzlem, Doğan
245 1 0 _aFelsefe ve doğa bilimleri
_h[electronic resource] /
_cDoğan Özlem
260 _aİstanbul :
_bNotos Kitap Yayınevi,
_c2013
300 _a293 p.
500 _aIncludes bibliographical references (p. 281-282) and index.
_x
650 4 _aFelsefe, Psikoloji ve Din
650 4 _aPhilosophy, Psychology and Religion
650 0 _aFelsefe ve bilim
650 0 _aPhilosophy and science
650 7 _aSCIENCE / Life Sciences / General
_2bisacsh
856 4 0 _uhttp://search.ebscohost.com/login.aspx?direct=true&scope=site&db=e011xww&AN=924673
999 _c9832
_d9832